000 00372nam a22001577a 4500
003 MPLRDC
005 20220104114431.0
008 210129b ||||| |||| 00| 0 eng d
082 _a857.63 CKL v.46
100 _a岑凯伦
245 _a城市爱情
_c
260 _a
_b环球出版社
_c
300 _b
650 _a短篇小说--别集
942 _cBK
_o857.63 CKL v.46
999 _c7435
_d7425